<?xml version="1.0" encoding="UTF-8"?>
<collection xmlns="http://www.loc.gov/MARC21/slim">
<record>
  <controlfield tag="001">152029</controlfield>
  <controlfield tag="005">20251017144616.0</controlfield>
  <datafield tag="024" ind1="8" ind2=" ">
    <subfield code="2">sideral</subfield>
    <subfield code="a">143359</subfield>
  </datafield>
  <datafield tag="037" ind1=" " ind2=" ">
    <subfield code="a">ART-2024-143359</subfield>
  </datafield>
  <datafield tag="041" ind1=" " ind2=" ">
    <subfield code="a">spa</subfield>
  </datafield>
  <datafield tag="100" ind1=" " ind2=" ">
    <subfield code="a">García Fernández, Patricia</subfield>
    <subfield code="0">(orcid)0009-0000-5637-1335</subfield>
  </datafield>
  <datafield tag="245" ind1=" " ind2=" ">
    <subfield code="a">Los rituales en cuevas asociados a Artemis/Diana en la Antigüedad greco-romana (siglos VII a.C. - V d.C.)</subfield>
  </datafield>
  <datafield tag="260" ind1=" " ind2=" ">
    <subfield code="c">2024</subfield>
  </datafield>
  <datafield tag="506" ind1="0" ind2=" ">
    <subfield code="a">Access copy available to the general public</subfield>
    <subfield code="f">Unrestricted</subfield>
  </datafield>
  <datafield tag="520" ind1="3" ind2=" ">
    <subfield code="a">Artemis/Diana es una divinidad greco-romana vinculada con la naturaleza, lo salvaje, las mujeres, lo liminal, y que no se adapta a las normas cívicas clásicas. Debido a estos aspectos, en las narrativas míticas y en las prácticas rituales, la diosa se asociaba con la naturaleza de la cueva, una topografía alejada de lo civilizado, en la que se ubicaban entradas al Inframundo, portales que ponen en contacto a los humanos con lo sobrenatural, con lo reproductivo y lo femenino. Este artículo pretende estudiar la figura simbólica de la diosa Artemis/Diana y su culto ligado a las cuevas, prestando especial atención a los cultos femeninos. Y es que, desde la perspectiva de género, las mujeres de la Antigüedad, ya sean divinidades, fieles o sacerdotisas, han sufrido una invisibilización como sujetos activos religiosos por parte de la historiografía tradicional.</subfield>
  </datafield>
  <datafield tag="540" ind1=" " ind2=" ">
    <subfield code="9">info:eu-repo/semantics/openAccess</subfield>
    <subfield code="a">by-nc</subfield>
    <subfield code="u">https://creativecommons.org/licenses/by-nc/4.0/deed.es</subfield>
  </datafield>
  <datafield tag="655" ind1=" " ind2="4">
    <subfield code="a">info:eu-repo/semantics/article</subfield>
    <subfield code="v">info:eu-repo/semantics/publishedVersion</subfield>
  </datafield>
  <datafield tag="773" ind1=" " ind2=" ">
    <subfield code="g">6 (2024), [29 pp.]</subfield>
    <subfield code="p">Itálica (Sevilla, 2015)</subfield>
    <subfield code="t">Itálica (Sevilla, 2015)</subfield>
    <subfield code="x">2444-6777</subfield>
  </datafield>
  <datafield tag="856" ind1="4" ind2=" ">
    <subfield code="s">998383</subfield>
    <subfield code="u">http://zaguan.unizar.es/record/152029/files/texto_completo.pdf</subfield>
    <subfield code="y">Versión publicada</subfield>
  </datafield>
  <datafield tag="856" ind1="4" ind2=" ">
    <subfield code="s">2116597</subfield>
    <subfield code="u">http://zaguan.unizar.es/record/152029/files/texto_completo.jpg?subformat=icon</subfield>
    <subfield code="x">icon</subfield>
    <subfield code="y">Versión publicada</subfield>
  </datafield>
  <datafield tag="856" ind1="4" ind2="1">
    <subfield code="u">https://www.upo.es/revistas/index.php/italica/article/view/8230</subfield>
    <subfield code="z">Texto completo de la revista</subfield>
  </datafield>
  <datafield tag="909" ind1="C" ind2="O">
    <subfield code="o">oai:zaguan.unizar.es:152029</subfield>
    <subfield code="p">articulos</subfield>
    <subfield code="p">driver</subfield>
  </datafield>
  <datafield tag="951" ind1=" " ind2=" ">
    <subfield code="a">2025-10-17-14:19:24</subfield>
  </datafield>
  <datafield tag="980" ind1=" " ind2=" ">
    <subfield code="a">ARTICLE</subfield>
  </datafield>
</record>
</collection>